000 00409nam a2200169Ia 4500
008 220531s9999 xx 000 0 und d
041 _aeng
082 _bSCO
100 _aScott ,. W. P. Ed
_935455
245 _aDictionary Of Sociology
260 _bGoyl, Saab
_c1995
300 _a467
542 _d01-08-1997
650 _aSociology
_935456
906 _d1997-1998
_f5295
999 _c21747
_d21747